LEADER 00870nam a2200217 i 4500 001 000000351360 003 CaOOAMICUS 005 20220825160610.0 008 220825s1953 it u000 u ita u 013 $a22543 040 $aSeMil$bita 100 1 $aPiazza, Adeodato Giovanni,$c.$0(OLS)http://semarc/name/1108 245 10$aCoscienza sociale cristiana /$cAdeodato Giovanni card. Piazza. 264 1$aRoma :$bFiglie della Chiesa,$cstampa 1953. 300 $a44 p. ;$c20 cm 650 4$aCoscienza sociale.$0(OLS)http://semarc/subject/14758 850 $aSeMil 852 $aSeMil$W1$xVenegono$y1$m5B III 5/10$j234036$B242425$CSeMilBibl$Z2$F242425 $81 996 $6245$aCoscienza sociale cristiana$9(OLS)http://semarc/title/441137 996 $6264$aRoma :$bFiglie della Chiesa$9(OLS)http://semarc/publisher/30075 LEADER 00996nam a2200241 i 4500 001 000000240443 003 CaOOAMICUS 005 20150327000000.0 008 150327s1950 it u000 u ita u 013 $a219348 040 $aSeMil$bita 100 1 $aCapitini, Aldo <1899-1968>.$0(OLS)http://semarc/name/34409 245 10$aNuova socialità e riforma religiosa /$cAldo Capitini. 260 $aTorino :$bGiulio Einaudi,$ccopyr. 1950$e(Novara :$fTipografia La Stella Alpina,$gcopyr. 1950) 300 $a285 p. ;$c22 cm. 490 0 $aSaggi ;$v131 500 $aContiene : Nota bibliografica. 650 4$aReligione e società.$0(OLS)http://semarc/subject/10312 830 0$aSaggi ;$v131.$0(OLS)http://semarc/title/341 850 $aSeMil 852 $aSeMil$W1$xVenegono$y1$m3N II 295$j190789$B190789$CSeMilBibl$Z2$F201626 $81 996 $6245$aNuova socialità e riforma religiosa$9(OLS)http://semarc/title/341954 996 $6260$aTorino :$bGiulio Einaudi$9(OLS)http://semarc/publisher/29810